Mammals of the lava fields and adjoining areas in Valencia county, New Mexico (Registro nro. 19437)

Detalles MARC
000 -CABECERA
Campo de control 00907cam a22002291 4500
005 - FECHA Y HORA DE LA ULTIMA TRANSACCION
Campo de control 20180803170359.0
008 - ELEMENTOS DE LONGITUD FIJA—INFORMACION GENERAL
Campo de control 751210s1941 miuabf 000 0 eng
040 ## - FUENTE DE CATALOGACIÓN
Agencia catalogadora original DLC
Agencia transcriptora FMU
Agencia Modificadora DLC
-- CO-BoIAVH
041 0# - IDIOMA
Código de idioma para texto/pista de sonido o título separado Español
044 ## - PAÍS DE PUBLICACIÓN
País de publicación Colombia
082 04 - NUMERO DE CLASIFICACION DECIMAL DEWEY
Número de clasificación 599.09789
Número del ítem H78m
100 1# - ASIENTO PRINCIPAL--NOMBRE PERSONAL
Nombre personal Hooper, Emmet Thurman
Fechas asociadas con el nombre 1911-
Término relacionado autor
9 (RLIN) 80687
245 00 - MENCION DE TITULO
Título Mammals of the lava fields and adjoining areas in Valencia county, New Mexico
Mención de responsabilidad by Emmet T. Hooper.
260 ## - PUBLICACION, DISTRIBUCION, ETC. (PIE DE IMPRENTA)
Lugar de publicación, distribución, etc. Ann Arbor,
Nombre del editor, distribuidor, etc. University of Michigan press,
Fecha de publicación, distribución, etc. 1941.
300 ## - DESCRIPCION FISICA
Extensión 47, [1] páginas, 3 placas :
Otros detalles físicos ilustraciones ;
Dimensiones 26 x 17 cm.
490 0# - MENCION DE SERIE
Mención de serie Miscellaneous publications ;
Designación numérica/secuencial del volumen no. 51
504 ## - NOTA DE BIBLIOGRAFIA, ETC.
Nota de bibliografía Incluye referencias bibliográficas: páginas 45-47.
650 26 - ASIENTO SECUNDARIO DE MATERIA - TERMINO TEMATICO
Término temático o nombre geográfico como elemento de entrada Mamíferos
Subdivisión geográfica Nuevo México (Estados Unidos)
9 (RLIN) 80688
650 26 - ASIENTO SECUNDARIO DE MATERIA - TERMINO TEMATICO
Término temático o nombre geográfico como elemento de entrada Mamíferos
Subdivisión general Zonas volcánicas
Subdivisión geográfica Nuevo México (Estados Unidos)
9 (RLIN) 80689
650 26 - ASIENTO SECUNDARIO DE MATERIA - TERMINO TEMATICO
Término temático o nombre geográfico como elemento de entrada Ecología animal
9 (RLIN) 93102
942 ## - ELEMENTOS ADICIONALES (KOHA)
Sistema de clasificación Dewey Decimal Classification
Tipo de ítem Libro
Existencias
Withdrawn status Lost status Sistema de Clasificación Damaged status No para préstamo Colección Inventariado Ubicación Permanente Ubicación actual Fecha de adquisición Fuente de Valor Valor Total Checkouts Número topográfico Inventario / Código de Barras Date last seen Ejemplar Price effective from Forma de adquisición Tipo de material
    Dewey Decimal Classification     General Inventariado 2017 Bogotá Bogotá 27/03/2017 Amazon 20000.00   LB-599.09789 H78m 041045 27/03/2017 Ej. 1 27/03/2017 Donación Libro